| 000 | 01947cam a22003135i 4500 | ||
|---|---|---|---|
| 999 |
_c28432 _d28403 |
||
| 001 | ssj0002268958 | ||
| 003 | WaSeSS | ||
| 005 | 20200812111333.0 | ||
| 008 | 160414t20092009miu f bd 001 0 eng d | ||
| 020 | _a9781530051120 | ||
| 040 |
_aBIP US _beng _erda _dWaSeSS _cEG-ScBUE |
||
| 082 | 0 | 4 |
_a005.133 _bSEV _222 |
| 100 | 1 |
_aSeverance, Charles, _eauthor |
|
| 245 | 1 | 0 |
_aPython for everybody : _bexploring data using Python 3 / _cCharles R. Severance. |
| 264 | 1 |
_aAnn Arbor, Michigan : _bCharles Severance, _c[2009] |
|
| 264 | 4 | _cc2009 | |
| 300 |
_axii, 233 pages ; _c24 cm |
||
| 336 |
_atext _btxt _2rdacontent |
||
| 337 |
_aunmediated _bn _2rdamedia |
||
| 338 |
_avolume _bnc _2rdacarrier |
||
| 500 | _aIncludes glossary. | ||
| 504 | _aIncludes bibliographical references and index. | ||
| 506 | _aAvailable on campus and off campus with authorized login. | ||
| 520 | 8 |
_aAnnotation _bPython for Everybody is designed to introduce students to programming and software development through the lens of exploring data. You can think of the Python programming language as your tool to solve data problems that are beyond the capability of a spreadsheet. Python is an easy to use and easy to learn programming language that is freely available on Macintosh, Windows, or Linux computers. So once you learn Python you can use it for the rest of your career without needing to purchase any software. This book uses the Python 3 language. The earlier Python 2 version of this book is titled "Python for Informatics: Exploring Information." There are free downloadable electronic copies of this book in various formats and supporting materials for the book at www.pythonlearn.com. The course materials are available to you under a Creative Commons License so you can adapt them to teach your own Python course. |
|
| 650 | 7 |
_aPython (Computer program language) _2BUEsh |
|
| 653 |
_bCOMSCI _cJuly2020 |
||
| 655 |
_vReading book _934232 |
||
| 942 |
_2ddc _cBB |
||